LDR 00970naa#a2200181#i#450# 001 RU\INFRA-M\bibl\125686 005 20260629171154.1 011 ## _a2306-627X 100 ## _a20260615b2026####ek#y0rusy0150####ca 102 ## _aRU 200 1# _aУправление конкурентоспособностью в индустрии гостеприимства на основе цифровых технологий: стратегии и перспективы _eЖурнальная статья 210 1# _aМосква _cОбщество с ограниченной ответственностью «Научно-издательский центр ИНФРА-М» _d2026 215 ## _a5 с. 608 ## _aЖурнальная статья _2local 675 ## _aЭкономическая политика в области туризма. Экономика туризма. 338.48 _z 700 #1 _aМантейфель _gЕ. А. 700 #1 _aКовальчук _gА. П. 856 4# _azh-szf.ru _u